[Event "Junior Online 4NCL Division 2"]
[Site "online"]
[Date "2020.05.07"]
[Round "4.73"]
[White "Jonikas, Augustas"]
[Black "Khanna, Pranav"]
[Result "0-1"]
[WhiteElo "1540"]
[BlackElo "1607"]
[PlyCount "64"]
[EventDate "2020.05.07"]
[WhiteTeam "Surbiton Juniors A"]
[BlackTeam "Harrow Juniors A"]

1. c4 e5 2. Nc3 Nf6 3. d3 Bc5 4. a3 d6 5. b4 Bb6 6. Bb2 O-O 7. e3 Be6 8. Be2 a6
9. Nf3 h6 10. O-O Nbd7 11. d4 e4 12. Nd2 d5 13. c5 Ba7 14. f3 Bf5 15. fxe4 Bxe4
16. Ndxe4 dxe4 17. Qc2 Re8 18. Bc4 c6 19. Rf4 Bb8 20. Rf2 Ng4 21. Bxf7+ Kh8 22.
Bxe8 Bxh2+ 23. Kh1 Qh4 24. g3 Nxf2+ 25. Kg2 Qxg3+ 26. Kf1 Rxe8 27. Ne2 Qf3 28.
Ng1 Bxg1 29. Kxg1 Nd3 30. Rf1 Qxe3+ 31. Kg2 Ne1+ 32. Kh2 Nxc2 0-1

[Event "Junior Online 4NCL Division 2"]
[Site "online"]
[Date "2020.05.07"]
[Round "4.74"]
[White "Patel, Krrish"]
[Black "Pai, Anay"]
[Result "1-0"]
[WhiteElo "1517"]
[BlackElo "1412"]
[PlyCount "75"]
[EventDate "2020.05.07"]
[WhiteTeam "Harrow Juniors A"]
[BlackTeam "Surbiton Juniors A"]

1. d4 e5 2. c3 f6 3. e3 Ne7 4. g3 d6 5. Ne2 Nbc6 6. Bg2 Be6 7. e4 Bg4 8. d5 Na5
9. Qa4+ Nac6 10. dxc6 Nxc6 11. Be3 Be7 12. c4 O-O 13. Nbc3 a6 14. Qb3 Rb8 15.
Qc2 Nb4 16. Qd2 c5 17. a3 Nc6 18. O-O b6 19. Nd5 Bxe2 20. Qxe2 Nd4 21. Bxd4
cxd4 22. Nxe7+ Qxe7 23. b3 Rbc8 24. Rac1 d5 25. cxd5 Rxc1 26. Rxc1 Qxa3 27. Qc2
h6 28. Bh3 Qb4 29. Qc4 Qd2 30. d6+ Kh7 31. Bf5+ g6 32. Qc7+ Kg8 33. Be6+ Kh8
34. d7 h5 35. Qc8 Rxc8 36. dxc8=Q+ Kg7 37. h4 Kh6 38. Qh8# 1-0

[Event "Junior Online 4NCL Division 2"]
[Site "online"]
[Date "2020.05.07"]
[Round "4.75"]
[White "Balasundaram, Sivasatyan"]
[Black "Sturge, Sam"]
[Result "1-0"]
[WhiteElo "1757"]
[BlackElo "1660"]
[PlyCount "115"]
[EventDate "2020.05.07"]
[WhiteTeam "Harrow Juniors A"]
[BlackTeam "Surbiton Juniors A"]

1. d4 e6 2. c4 d5 3. Nc3 Bb4 4. Bf4 Nf6 5. e3 O-O 6. Nf3 Ne4 7. Rc1 Nxc3 8.
bxc3 Bd6 9. Bg3 b6 10. cxd5 exd5 11. Bd3 Ba6 12. O-O Bxd3 13. Qxd3 Bxg3 14.
hxg3 Nd7 15. c4 Nf6 16. cxd5 Nxd5 17. Ne5 c5 18. dxc5 Nb4 19. Qb3 bxc5 20. Rxc5
Rb8 21. Qa4 f6 22. Qb3+ Nd5 23. Qxd5+ Qxd5 24. Rxd5 fxe5 25. Rxe5 Rb2 26. Ra5
Rf7 27. a4 Ra2 28. Rd1 Rfxf2 29. Rd8+ Kf7 30. Rxa7+ Kg6 31. Rd6+ Kh5 32. Rd5+
g5 33. Rxh7+ Kg6 34. Rh2 Rfe2 35. Rd6+ Kf5 36. Kf1 Rf2+ 37. Ke1 Rfe2+ 38. Kd1
Rxg2 39. Rxg2 Rxg2 40. a5 Ra2 41. Ra6 Kg4 42. e4 Kxg3 43. e5 Ra4 44. e6 Re4 45.
Rb6 Kf3 46. a6 g4 47. a7 Ra4 48. e7 g3 49. e8=Q g2 50. Rf6+ Rf4 51. a8=Q+ Kg3
52. Qxg2+ Kxg2 53. Rxf4 Kg3 54. Ke2 Kxf4 55. Qe6 Kg3 56. Qf5 Kh2 57. Qg4 Kh1
58. Kf2 1-0

[Event "Junior Online 4NCL Division 2"]
[Site "online"]
[Date "2020.05.07"]
[Round "4.76"]
[White "Morrison, Joseph"]
[Black "Truscott, Philip E"]
[Result "0-1"]
[WhiteElo "1465"]
[BlackElo "1660"]
[PlyCount "126"]
[EventDate "2020.05.07"]
[WhiteTeam "Surbiton Juniors A"]
[BlackTeam "Harrow Juniors A"]

1. c4 c5 2. Nc3 g6 3. g3 Bg7 4. Bg2 Nf6 5. Nf3 Nc6 6. O-O O-O 7. d4 cxd4 8.
Nxd4 Nxd4 9. Qxd4 d6 10. Qd1 Qb6 11. Qb3 Nd7 12. Qxb6 Nxb6 13. Nd5 Nxd5 14.
cxd5 b6 15. e4 Ba6 16. Re1 Rac8 17. Be3 Rc2 18. Bf1 Bxf1 19. Kxf1 Bxb2 20. Rab1
Bg7 21. a3 Rfc8 22. Rec1 Kf8 23. Rxc2 Rxc2 24. Rc1 Rxc1+ 25. Bxc1 Ke8 26. Ke2
Kd7 27. Kd3 e6 28. Kc4 exd5+ 29. exd5 a6 30. Be3 Kc7 31. a4 Be5 32. f4 Bg7 33.
h4 f5 34. Kb4 h5 35. Kc4 Bf6 36. Bf2 Bd8 37. Kb4 Kb7 38. Bd4 Be7 39. Bg7 Bd8
40. Bf8 Kc7 41. Kc4 Kd7 42. Kd4 b5 43. axb5 axb5 44. Kc3 Ba5+ 45. Kb3 Be1 46.
Bh6 Bxg3 47. Bg5 Be1 48. Bf6 Kc7 49. Bg5 Kb6 50. Be7 Kc5 51. Bg5 Kxd5 52. Kc2
Kc4 53. Kb2 d5 54. Kc2 d4 55. Kd1 Bg3 56. Kc2 b4 57. Kb2 d3 58. Kc1 b3 59. Bf6
Bxf4+ 60. Kb2 d2 61. Bg5 Bxg5 62. hxg5 d1=Q 63. Ka3 Qa1# 0-1

[Event "Junior Online 4NCL Division 2"]
[Site "online"]
[Date "2020.05.07"]
[Round "4.77"]
[White "Khanna, Pranav"]
[Black "Jonikas, Augustas"]
[Result "0-1"]
[WhiteElo "1607"]
[BlackElo "1540"]
[PlyCount "122"]
[EventDate "2020.05.07"]
[WhiteTeam "Harrow Juniors A"]
[BlackTeam "Surbiton Juniors A"]

1. e4 e5 2. Nf3 Nc6 3. Bb5 Bc5 4. O-O d6 5. h3 f5 6. Bxc6+ bxc6 7. d3 f4 8. Nc3
Nf6 9. Na4 Bb6 10. Nxb6 cxb6 11. c3 O-O 12. Re1 Qe7 13. Qe2 Ba6 14. Qc2 Nd7 15.
d4 Rfd8 16. Bd2 h6 17. Rad1 c5 18. d5 Rac8 19. Qa4 Nb8 20. c4 Qd7 21. Qxd7 Nxd7
22. b3 Kf7 23. Nh4 g6 24. g3 fxg3 25. fxg3 h5 26. Rf1+ Kg7 27. Bg5 Rf8 28. Rxf8
Kxf8 29. Nxg6+ Kf7 30. Nh4 Rg8 31. Rf1+ Ke8 32. Rf5 Bc8 33. Bd2 Nf8 34. Rxh5
Rxg3+ 35. Kf2 Rxh3 36. Kg2 Ng6 37. Rh6 Nxh4+ 38. Kf1 Nf3 39. Rxh3 Bxh3+ 40. Ke2
Nxd2 41. Kxd2 Kf7 42. Ke3 Kf6 43. Kd2 Kg5 44. Ke3 a5 45. Kd2 Kf4 46. Kd3 Bg2
47. Ke2 Bxe4 48. Kd2 Kf3 49. Kd1 Ke3 50. Kc1 Kd3 51. Kb2 Bf3 52. Kc1 e4 53. Kb2
e3 54. Kc1 e2 55. Kb2 e1=Q 56. Ka3 Qb4+ 57. Kb2 Kd2 58. Kb1 Qc3 59. a4 Qxb3+
60. Ka1 Qa3+ 61. Kb1 Be4# 0-1

[Event "Junior Online 4NCL Division 2"]
[Site "online"]
[Date "2020.05.07"]
[Round "4.78"]
[White "Pai, Anay"]
[Black "Patel, Krrish"]
[Result "0-1"]
[WhiteElo "1412"]
[BlackElo "1517"]
[PlyCount "46"]
[EventDate "2020.05.07"]
[WhiteTeam "Surbiton Juniors A"]
[BlackTeam "Harrow Juniors A"]

1. Nf3 d5 2. e4 dxe4 3. Ng5 Nc6 4. Nxe4 Bf5 5. Nbc3 e6 6. Bb5 Nge7 7. d3 g6 8.
Bg5 Bg7 9. Bxc6+ bxc6 10. Nf6+ Kf8 11. Qf3 Qd4 12. O-O-O Bxf6 13. Bxf6 Qxf6 14.
Ne4 Qg7 15. Ng5 h6 16. Ne4 Bxe4 17. Qxe4 Rb8 18. b3 Nd5 19. c4 Nc3 20. Rd2 Nxe4
21. Re2 Qa1+ 22. Kc2 Qxh1 23. Rxe4 Qxg2 0-1

[Event "Junior Online 4NCL Division 2"]
[Site "online"]
[Date "2020.05.07"]
[Round "4.81"]
[White "Dicen, Imogen"]
[Black "Merriman, James"]
[Result "1/2-1/2"]
[WhiteElo "1847"]
[BlackElo "1967"]
[PlyCount "91"]
[EventDate "2020.05.07"]
[WhiteTeam "Warwickshire Bears A"]
[BlackTeam "KJCA Young Kestrels B"]

1. d4 Nf6 2. c4 e6 3. Nc3 Bb4 4. Bd2 b6 5. Nf3 Bb7 6. e3 O-O 7. Bd3 Bxc3 8.
Bxc3 Ne4 9. Bd2 f5 10. O-O d6 11. Qc2 Nd7 12. Rac1 Ndf6 13. b3 Qe8 14. Ne1 Qg6
15. f3 Ng5 16. b4 Qh5 17. c5 Rac8 18. c6 Ba8 19. e4 fxe4 20. Bxe4 Nfxe4 21.
fxe4 Rxf1+ 22. Kxf1 Rf8+ 23. Kg1 Qg6 24. Bxg5 Qxg5 25. Qc3 Bxc6 26. Nf3 Rxf3
27. Qxc6 Rf8 28. Qc3 Qf6 29. Qe3 Rf7 30. h3 h6 31. Re1 Kh7 32. Qd2 Qf4 33. Qc2
Qg3 34. Qe2 Qc3 35. Qd1 Qxb4 36. Kh2 Qa3 37. Qc2 c5 38. e5+ Kg8 39. exd6 cxd4
40. Rxe6 Qc5 41. Re8+ Rf8 42. Qb3+ Kh7 43. Qd3+ Kg8 44. Qb3+ Kh7 45. Qd3+ Kg8
46. Qb3+ 1/2-1/2

[Event "Junior Online 4NCL Division 2"]
[Site "online"]
[Date "2020.05.07"]
[Round "4.82"]
[White "Moore, Eoin"]
[Black "Wong, Tristan"]
[Result "0-1"]
[WhiteElo "1735"]
[BlackElo "1705"]
[PlyCount "134"]
[EventDate "2020.05.07"]
[WhiteTeam "KJCA Young Kestrels B"]
[BlackTeam "Warwickshire Bears A"]

1. d4 Nf6 2. c4 d6 3. Nc3 Nc6 4. e4 g6 5. d5 Nb8 6. Nge2 Bg7 7. Ng3 O-O 8. Be2
c6 9. O-O cxd5 10. cxd5 Nbd7 11. Be3 Ne5 12. f4 Neg4 13. Bd4 e5 14. fxe5 Nxe5
15. Bxe5 dxe5 16. Rc1 Qb6+ 17. Kh1 Qxb2 18. Qd3 Bg4 19. Rb1 Bxe2 20. Ngxe2 Qa3
21. Rxb7 Rad8 22. Rfb1 Ng4 23. Qf3 h5 24. h3 Nf6 25. R1b3 Qc5 26. R7b5 Qc7 27.
Qe3 a6 28. Rb7 Qa5 29. Qb6 Qxb6 30. R3xb6 Ra8 31. Rc7 Rfb8 32. Rcc6 Rxb6 33.
Rxb6 Ra7 34. Na4 Nd7 35. Rc6 Nf6 36. Nec3 Nd7 37. Kh2 Bh6 38. g3 Be3 39. d6 Bd4
40. Rc7 Kg7 41. Nd5 a5 42. Kg2 Kh6 43. Kf3 Kg7 44. g4 hxg4+ 45. Kxg4 Kh6 46.
Nb2 Kg7 47. Nc4 Kh6 48. Rxa7 Bxa7 49. Nxa5 Kg7 50. Nc4 Bc5 51. a4 Kh6 52. a5
Kg7 53. Ndb6 Nb8 54. d7 Be7 55. Nxe5 Kf6 56. Nec4 Ke6 57. Kf4 Nxd7 58. Nxd7
Kxd7 59. Nb6+ Kc6 60. Nd5 Bd8 61. a6 Bh4 62. Ke5 g5 63. Kf5 f6 64. Kxf6 g4+ 65.
Kf5 gxh3 66. Nf4 h2 67. a7 Kb7 0-1

[Event "Junior Online 4NCL Division 2"]
[Site "online"]
[Date "2020.05.07"]
[Round "4.83"]
[White "Dicen, Elis Denele"]
[Black "Dorman, Orla"]
[Result "1-0"]
[WhiteElo "1697"]
[BlackElo "1660"]
[PlyCount "161"]
[EventDate "2020.05.07"]
[WhiteTeam "Warwickshire Bears A"]
[BlackTeam "KJCA Young Kestrels B"]

1. e4 e6 2. d4 d5 3. exd5 exd5 4. Nf3 Bd6 5. Bd3 Ne7 6. O-O O-O 7. Be3 Nbc6 8.
c3 Bf5 9. Bxf5 Nxf5 10. Nbd2 Re8 11. Re1 Nxe3 12. fxe3 Ne7 13. e4 dxe4 14. Nxe4
Nf5 15. Nxd6 Qxd6 16. Qd3 Qf6 17. Ne5 Nd6 18. Rf1 Qe7 19. Rae1 Qg5 20. Qf3 f6
21. Nd3 Qb5 22. b3 Rxe1 23. Rxe1 Re8 24. Rxe8+ Qxe8 25. Qd5+ Qf7 26. Qf3 c6 27.
c4 Qd7 28. Nc5 Qe7 29. Nd3 Qd7 30. d5 Nf7 31. dxc6 Qxc6 32. Qxc6 bxc6 33. Kf2
Kf8 34. Ke3 Ke7 35. Kd4 Kd6 36. c5+ Kd7 37. b4 Ng5 38. a4 h5 39. b5 cxb5 40.
axb5 Kc7 41. Kd5 Nf7 42. Nf4 Ne5 43. Ne6+ Kc8 44. Nxg7 h4 45. h3 Nd3 46. Ne6
Nb4+ 47. Kc4 Nc2 48. Nf4 Ne3+ 49. Kd4 Nf5+ 50. Ke4 Ng3+ 51. Kd5 Nf5 52. Kc4 Kb7
53. Kb4 Nd4 54. Ka5 Nb3+ 55. Kb4 Nd4 56. c6+ Kc7 57. Nd5+ Kb8 58. Nxf6 Nc2+ 59.
Kc5 Ne3 60. Kd6 Nxg2 61. c7+ Kc8 62. Nd5 Nf4 63. Nxf4 Kb7 64. Kd7 Kb6 65. c8=Q
Kxb5 66. Qc6+ Kb4 67. Nd5+ Kb3 68. Qc5 a5 69. Qxa5 Kc4 70. Qb6 Kxd5 71. Qe6+
Kd4 72. Kd6 Kd3 73. Qe5 Kc4 74. Qd5+ Kc3 75. Ke5 Kb4 76. Qc6 Kb3 77. Qc5 Kb2
78. Qc4 Kb1 79. Qc3 Ka2 80. Qb4 Ka1 81. Kd4 1-0

[Event "Junior Online 4NCL Division 2"]
[Site "online"]
[Date "2020.05.07"]
[Round "4.84"]
[White "Mehta, Shaurya"]
[Black "Fellowes, Billy"]
[Result "0-1"]
[WhiteElo "1615"]
[BlackElo "1592"]
[PlyCount "68"]
[EventDate "2020.05.07"]
[WhiteTeam "KJCA Young Kestrels B"]
[BlackTeam "Warwickshire Bears A"]

1. e4 Nc6 2. d4 d5 3. exd5 Qxd5 4. Be3 e5 5. c4 Bb4+ 6. Nc3 Qd8 7. d5 Nce7 8.
a3 Bxc3+ 9. bxc3 Nf6 10. Nf3 Ng6 11. h3 e4 12. Nd4 O-O 13. Be2 Ne8 14. O-O f5
15. Bh5 f4 16. Bxg6 hxg6 17. Bc1 g5 18. f3 e3 19. Qe2 Rf6 20. Bb2 Rh6 21. Rad1
Bxh3 22. gxh3 Rxh3 23. Nf5 Qd7 24. Qd3 g6 25. Nxe3 fxe3 26. Qxg6+ Ng7 27. Qxg5
e2 28. Kg2 exf1=Q+ 29. Rxf1 Re8 30. Rf2 Re1 31. f4 Rhh1 32. Kf3 Qh3+ 33. Qg3
Re3+ 34. Kxe3 Qxg3+ 0-1

[Event "Junior Online 4NCL Division 2"]
[Site "online"]
[Date "2020.05.07"]
[Round "4.85"]
[White "Merriman, James"]
[Black "Dicen, Imogen"]
[Result "1/2-1/2"]
[WhiteElo "1967"]
[BlackElo "1847"]
[PlyCount "99"]
[EventDate "2020.05.07"]
[WhiteTeam "KJCA Young Kestrels B"]
[BlackTeam "Warwickshire Bears A"]

1. d4 f5 2. g3 Nf6 3. Bg2 e6 4. Nd2 Be7 5. e4 fxe4 6. Nxe4 O-O 7. Ne2 Nc6 8.
O-O b6 9. Nxf6+ Bxf6 10. Bxc6 dxc6 11. c3 Bb7 12. Nf4 Qd7 13. Re1 Rae8 14. Qb3
Kf7 15. Be3 c5 16. Rad1 cxd4 17. cxd4 Bg5 18. Nd3 Bf6 19. Nf4 Bg5 20. Nxe6 Rxe6
21. Bxg5 Bd5 22. Qd3 Kg8 23. Re5 c6 24. Rde1 Qf7 25. Qe3 Rxe5 26. dxe5 Qe6 27.
a3 Rf3 28. Qe2 b5 29. Bh4 Rf7 30. Qf1 Bc4 31. Qg2 Rd7 32. f4 Bd5 33. Qf2 Qf5
34. Qe3 Qh3 35. Qf2 Be6 36. Qe2 Qf5 37. Qf2 Qd3 38. Qe2 Qf5 39. Qf2 Kf7 40. Qe2
g6 41. Qf2 Bd5 42. Qe2 Ke6 43. Bf6 h5 44. Qf2 Qh3 45. Qe2 Qf5 46. Qf2 Qd3 47.
Qe2 Qd4+ 48. Qf2 Qd3 49. Qe2 Qf5 50. Qf2 1/2-1/2

[Event "Junior Online 4NCL Division 2"]
[Site "online"]
[Date "2020.05.07"]
[Round "4.86"]
[White "Wong, Tristan"]
[Black "Moore, Eoin"]
[Result "0-1"]
[WhiteElo "1705"]
[BlackElo "1735"]
[PlyCount "46"]
[EventDate "2020.05.07"]
[WhiteTeam "Warwickshire Bears A"]
[BlackTeam "KJCA Young Kestrels B"]

1. d4 Nf6 2. Bf4 g6 3. Nc3 d5 4. e3 Bg7 5. Be2 O-O 6. h4 h5 7. Nf3 c5 8. Qd2
cxd4 9. Nxd4 Nc6 10. O-O-O a5 11. f3 a4 12. a3 Na5 13. g4 hxg4 14. fxg4 Bxg4
15. Bxg4 Nxg4 16. h5 Nc4 17. Qg2 Qb6 18. Nxa4 Rxa4 19. b3 Rxa3 20. bxc4 Qa5 21.
Nb3 Rxb3 22. Qxg4 Bb2+ 23. Kb1 Qa1# 0-1

[Event "Junior Online 4NCL Division 2"]
[Site "online"]
[Date "2020.05.07"]
[Round "4.87"]
[White "Dorman, Orla"]
[Black "Dicen, Elis Denele"]
[Result "0-1"]
[WhiteElo "1660"]
[BlackElo "1697"]
[PlyCount "90"]
[EventDate "2020.05.07"]
[WhiteTeam "KJCA Young Kestrels B"]
[BlackTeam "Warwickshire Bears A"]

1. e4 e6 2. d4 d5 3. Nd2 dxe4 4. Nxe4 Nd7 5. Nf3 Ngf6 6. Nxf6+ Nxf6 7. Bd3 Bd6
8. O-O O-O 9. Qe2 b6 10. c3 Bb7 11. Ne5 c5 12. Be3 Qc7 13. f4 h6 14. Ng4 Nxg4
15. Qxg4 f5 16. Qg3 c4 17. Be2 b5 18. Bf3 Rf6 19. Bxb7 Qxb7 20. Rf3 Raf8 21.
Qh4 a5 22. Raf1 b4 23. Bd2 b3 24. a3 a4 25. Re1 Rg6 26. Qf2 Rff6 27. Rg3 Kh7
28. Rxg6 Rxg6 29. Re2 Bxa3 30. Bc1 Bd6 31. Qh4 Qa6 32. Qd8 a3 33. bxa3 Bxa3 34.
Bxa3 Qxa3 35. Qb6 Qa1+ 36. Kf2 Qxc3 37. g3 e5 38. Qb5 Qxd4+ 39. Kg2 exf4 40.
Qxf5 Qd6 41. Qe4 Qc6 42. Kf3 Qxe4+ 43. Kxe4 Re6+ 44. Kf3 Rxe2 45. Kxe2 b2 0-1

[Event "Junior Online 4NCL Division 2"]
[Site "online"]
[Date "2020.05.07"]
[Round "4.88"]
[White "Fellowes, Billy"]
[Black "Mehta, Shaurya"]
[Result "1-0"]
[WhiteElo "1592"]
[BlackElo "1615"]
[PlyCount "101"]
[EventDate "2020.05.07"]
[WhiteTeam "Warwickshire Bears A"]
[BlackTeam "KJCA Young Kestrels B"]

1. d4 d5 2. Bf4 Nc6 3. c4 e6 4. Nf3 Nf6 5. Nc3 a6 6. e3 g6 7. Bd3 Bg7 8. O-O
O-O 9. a3 h6 10. b4 dxc4 11. Bxc4 b5 12. Bd3 Bb7 13. Ne4 Kh8 14. Nc5 Rb8 15.
Rc1 Nd7 16. Nxb7 Rxb7 17. Rxc6 Nb8 18. Rc2 g5 19. Be5 Bxe5 20. Nxe5 Qf6 21. Rc5
Kg7 22. Qf3 Qxf3 23. Nxf3 Nd7 24. Rc3 f5 25. Rfc1 Rc8 26. e4 Nf6 27. exf5 exf5
28. Bxf5 Rd8 29. Rxc7+ Rxc7 30. Rxc7+ Kf8 31. Ne5 Rxd4 32. h3 Rd1+ 33. Kh2 Nh5
34. Ng6+ Ke8 35. Rc8+ Kf7 36. Rf8+ Kg7 37. Re8 Kf6 38. g4 Nf4 39. Nxf4 gxf4 40.
Re6+ Kg5 41. Rg6+ Kh4 42. Rxh6+ Kg5 43. Rxa6 f3 44. Kg3 Rg1+ 45. Kxf3 Rh1 46.
Kg2 Ra1 47. Rg6+ Kf4 48. Rb6 Rxa3 49. Rxb5 Rf3 50. Bc2 Rc3 51. Rf5# 1-0

[Event "Junior Online 4NCL Division 2"]
[Site "online"]
[Date "2020.05.14"]
[Round "5.11"]
[White "Collins, Adam"]
[Black "Shek, Daniel"]
[Result "1/2-1/2"]
[WhiteElo "1760"]
[BlackElo "1727"]
[PlyCount "102"]
[EventDate "2020.05.14"]
[WhiteTeam "A6 and Chill"]
[BlackTeam "Marshall Artists"]

1. e4 c5 2. Nf3 Nc6 3. d4 cxd4 4. Nxd4 e6 5. Nc3 Bb4 6. Ndb5 Bxc3+ 7. Nxc3 Nge7
8. Be3 d5 9. Bb5 O-O 10. Bxc6 bxc6 11. O-O e5 12. exd5 cxd5 13. Bc5 d4 14. Ne2
Qc7 15. Bxe7 Qxe7 16. f4 Qc5 17. Kh1 Bg4 18. h3 Bxe2 19. Qxe2 exf4 20. Rxf4
Rfe8 21. Qf2 f6 22. c3 Rad8 23. Rd1 Qa5 24. Rfxd4 Rxd4 25. Qxd4 Qxa2 26. c4 Qa6
27. Qd5+ Kf8 28. Qd3 Qe6 29. b3 Kg8 30. Qd5 Qxd5 31. Rxd5 Rb8 32. Rd7 Rxb3 33.
Rxa7 Rc3 34. Rc7 h6 35. Kh2 Kh7 36. c5 Kg6 37. c6 f5 38. Rc8 f4 39. c7 Rc6 40.
Kg1 Rc2 41. Kh2 f3 42. Rf8 Rxc7 43. Rxf3 Rc6 44. g4 Kh7 45. Kg3 g5 46. Ra3 Kg6
47. Rd3 Rf6 48. Rb3 Re6 49. Rd3 Rf6 50. Rb3 Re6 51. Rd3 Rf6 1/2-1/2

[Event "Junior Online 4NCL Division 2"]
[Site "online"]
[Date "2020.05.14"]
[Round "5.12"]
[White "Deacon, Matthew"]
[Black "O'cuilleanain, Oisin"]
[Result "0-1"]
[WhiteElo "1660"]
[BlackElo "1660"]
[PlyCount "146"]
[EventDate "2020.05.14"]
[WhiteTeam "Marshall Artists"]
[BlackTeam "A6 and Chill"]

1. d4 e6 2. c4 f5 3. Nc3 Nf6 4. Nf3 Be7 5. g3 O-O 6. Bg2 d6 7. O-O Ne4 8. Qc2
Nxc3 9. Qxc3 a5 10. b3 Nc6 11. Bb2 Bf6 12. Qc2 Qe8 13. Nd2 e5 14. dxe5 dxe5 15.
Ba3 Nb4 16. Qd1 Qh5 17. e3 Qxd1 18. Raxd1 Rd8 19. Nf3 Be6 20. Bb2 Nd3 21. Ba1
a4 22. Ne1 Nxe1 23. Rfxe1 c6 24. e4 f4 25. f3 g5 26. Kf2 axb3 27. Rxd8+ Rxd8
28. axb3 Rd3 29. Rb1 Rd2+ 30. Kg1 Kf7 31. Bf1 g4 32. gxf4 exf4 33. fxg4 Bxg4
34. Bg2 f3 35. Bh1 Bxa1 36. Rxa1 Rb2 37. h3 Bxh3 38. Bxf3 Rxb3 39. Bh5+ Kf6 40.
Ra2 Kg5 41. Bf7 Re3 42. Ra5+ Kf4 43. Rh5 Kg3 44. Rg5+ Bg4 45. Kf1 Kf4 46. Rg7
h5 47. Bg6 Kf3 48. Rf7+ Kg3 49. Rxb7 Be2+ 50. Ke1 h4 51. Kd2 Kf2 52. Rf7+ Bf3
53. Bh5 h3 54. Bxf3 Rxf3 55. Rh7 Kg2 56. Ke2 Rf4 57. Ke3 Rf1 58. Kd4 h2 59. Kc5
Re1 60. Kxc6 Rxe4 61. Kd5 Re3 62. Rg7+ Rg3 63. Ra7 h1=Q 64. Ra2+ Kh3+ 65. Kd6
Rg6+ 66. Ke5 Qe1+ 67. Kd5 Qe6+ 68. Kc5 Qb6+ 69. Kd5 Rd6+ 70. Ke5 Qd4+ 71. Kf5
Rf6+ 72. Kg5 Qf4+ 73. Kh5 Rh6# 0-1

[Event "Junior Online 4NCL Division 2"]
[Site "online"]
[Date "2020.05.14"]
[Round "5.13"]
[White "Kavanagh, James"]
[Black "Deacon, Nicholas"]
[Result "1-0"]
[WhiteElo "1719"]
[BlackElo "1412"]
[PlyCount "45"]
[EventDate "2020.05.14"]
[WhiteTeam "A6 and Chill"]
[BlackTeam "Marshall Artists"]

1. e4 c5 2. Nf3 g6 3. d4 cxd4 4. Nxd4 Bg7 5. Nc3 Nc6 6. Be3 d6 7. Bb5 Bd7 8.
O-O Nf6 9. h3 O-O 10. f4 Nxd4 11. Bxd7 Qxd7 12. Bxd4 e5 13. fxe5 dxe5 14. Bxe5
Qxd1 15. Raxd1 Ne8 16. Bxg7 Nxg7 17. Rd7 b6 18. Nb5 a6 19. Nd6 Rfd8 20. Rxd8+
Rxd8 21. Nxf7 Rd2 22. Nh6+ Kh8 23. Rf8# 1-0

[Event "Junior Online 4NCL Division 2"]
[Site "online"]
[Date "2020.05.14"]
[Round "5.14"]
[White "Blin, Henri"]
[Black "Hackett, William"]
[Result "1/2-1/2"]
[WhiteElo "1232"]
[BlackElo "1530"]
[PlyCount "72"]
[EventDate "2020.05.14"]
[WhiteTeam "Marshall Artists"]
[BlackTeam "A6 and Chill"]

1. e4 c6 2. d4 d5 3. exd5 cxd5 4. Nf3 Bf5 5. Nc3 e6 6. Bf4 Bd6 7. Bxd6 Qxd6 8.
Ne5 Nc6 9. Bb5 Nf6 10. O-O O-O 11. Nxc6 bxc6 12. Bd3 Bxd3 13. Qxd3 Rab8 14. b3
Rfc8 15. Na4 Nd7 16. c4 c5 17. dxc5 Nxc5 18. Nxc5 Rxc5 19. cxd5 Rxd5 20. Qc2
Rd2 21. Qc3 Rd8 22. h3 h6 23. Qa5 Qd4 24. a4 Qb6 25. Qxb6 axb6 26. b4 Rb2 27.
b5 Rb4 28. Rfc1 Ra8 29. Rc6 Rb8 30. Kh2 Kh7 31. Kg3 Kg6 32. Rd6 Kf6 33. Rd7 e5
34. Rd6+ Ke7 35. Rc6 Rd4 36. Rc7+ Ke6 1/2-1/2

[Event "Junior Online 4NCL Division 2"]
[Site "online"]
[Date "2020.05.14"]
[Round "5.15"]
[White "Shek, Daniel"]
[Black "Collins, Adam"]
[Result "0-1"]
[WhiteElo "1727"]
[BlackElo "1760"]
[PlyCount "118"]
[EventDate "2020.05.14"]
[WhiteTeam "Marshall Artists"]
[BlackTeam "A6 and Chill"]

1. d4 c6 2. Bf4 Nf6 3. c3 d5 4. Nd2 Bf5 5. e3 e6 6. Nb3 Bd6 7. Bg3 Ne4 8. Bd3
h5 9. Bxe4 Bxe4 10. Nf3 b6 11. Nbd2 Bg6 12. Qe2 h4 13. Bxd6 Qxd6 14. e4 Nd7 15.
e5 Qc7 16. h3 c5 17. Nb3 c4 18. Nc1 b5 19. Nd2 Nb6 20. O-O Na4 21. Nf3 a6 22.
Qd2 Rc8 23. Ne1 Qe7 24. f4 Bf5 25. Nf3 Rh6 26. Kh2 Kd7 27. Ne2 Rch8 28. b3 Nb6
29. Rf2 Rg6 30. Rh1 Qa3 31. Ne1 cxb3 32. axb3 Qxb3 33. Nc1 Qc4 34. Nc2 Rg3 35.
Ne3 Qc6 36. Nxf5 exf5 37. Ne2 Rg6 38. Ra1 Nc4 39. Qa2 a5 40. Rb1 a4 41. Nc1 Rg3
42. Qe2 Rxc3 43. Nd3 Ke7 44. Nb4 Qd7 45. Qe1 Rg3 46. Qe2 Rh6 47. Qa2 Rhg6 48.
Qe2 Kf8 49. Nd3 Re3 50. Qd1 Reg3 51. Nc5 Qc6 52. Qe1 Kg8 53. Qb4 Ne3 54. Qxb5
Rxg2+ 55. Rxg2 Rxg2+ 56. Kh1 Qg6 57. Qe8+ Kh7 58. Nd7 Rh2+ 59. Kxh2 Qg2# 0-1

[Event "Junior Online 4NCL Division 2"]
[Site "online"]
[Date "2020.05.14"]
[Round "5.16"]
[White "O'cuilleanain, Oisin"]
[Black "Deacon, Matthew"]
[Result "1-0"]
[WhiteElo "1660"]
[BlackElo "1660"]
[PlyCount "99"]
[EventDate "2020.05.14"]
[WhiteTeam "A6 and Chill"]
[BlackTeam "Marshall Artists"]

1. d4 Nf6 2. c4 g6 3. Nc3 d5 4. Nf3 Bg7 5. Qb3 dxc4 6. Qxc4 Be6 7. Qb5+ Nbd7 8.
Qxb7 Nb6 9. e4 O-O 10. d5 Bg4 11. Be2 Nfd7 12. Qc6 Bxf3 13. Bxf3 Ne5 14. Qc5
Nxf3+ 15. gxf3 e6 16. dxe6 fxe6 17. Bg5 Qc8 18. O-O-O Rxf3 19. Rd8+ Qxd8 20.
Bxd8 Rxd8 21. Qxc7 Bh6+ 22. Kb1 Rd2 23. Qb8+ Bf8 24. Qxa7 Nc4 25. Nd1 Rfd3 26.
Qa4 Nd6 27. e5 Nf7 28. f4 Rf3 29. Nc3 Rh3 30. Qe8 Rhxh2 31. Rxh2 Rxh2 32. Qxe6
Rf2 33. Nd5 Rf1+ 34. Kc2 Rf2+ 35. Kb3 Rf3+ 36. Kc4 Rf2 37. b4 Rxa2 38. b5 Rc2+
39. Kb3 Rh2 40. b6 Rh3+ 41. Kc4 Rh1 42. b7 Rb1 43. Ne7+ Bxe7 44. Qxe7 Kg7 45.
e6 Rc1+ 46. Kd3 Rd1+ 47. Ke2 Rb1 48. exf7 Rb2+ 49. Kd3 Rb3+ 50. Kc4 1-0

[Event "Junior Online 4NCL Division 2"]
[Site "online"]
[Date "2020.05.14"]
[Round "5.17"]
[White "Deacon, Nicholas"]
[Black "Kavanagh, James"]
[Result "0-1"]
[WhiteElo "1412"]
[BlackElo "1719"]
[PlyCount "122"]
[EventDate "2020.05.14"]
[WhiteTeam "Marshall Artists"]
[BlackTeam "A6 and Chill"]

1. d4 Nf6 2. c4 e6 3. Nc3 Bb4 4. a3 Bxc3+ 5. bxc3 O-O 6. Bf4 d5 7. e3 Ne4 8.
Qc2 Nd7 9. Bd3 f5 10. Bxe4 fxe4 11. cxd5 exd5 12. Ne2 c5 13. dxc5 Nxc5 14. Nc1
Bf5 15. O-O Nd3 16. Nxd3 exd3 17. Qd2 Rc8 18. Rac1 Qf6 19. Rfe1 Rc4 20. Bg3
Rfc8 21. f3 Rxc3 22. Rxc3 Qxc3 23. Qxc3 Rxc3 24. e4 dxe4 25. fxe4 Bg6 26. Bf4
Rc2 27. Rd1 Bxe4 28. g3 Rg2+ 29. Kf1 Rxh2 30. Re1 d2 31. Bxd2 Bd3+ 32. Kg1 Rxd2
33. Re7 Ba6 34. Re8+ Kf7 35. Ra8 Rd3 36. Rxa7 Rxg3+ 37. Kf2 Rxa3 38. Ra8 Ra2+
39. Ke3 h5 40. Rh8 Rh2 41. Kf4 h4 42. Kg5 h3 43. Kg4 Rh1 44. Rh5 Be2+ 45. Kg5
Bxh5 46. Kxh5 b5 47. Kg4 b4 48. Kf3 b3 49. Ke3 b2 50. Kf2 b1=Q 51. Kf3 Rf1+ 52.
Ke3 Qe1+ 53. Kd4 h2 54. Kc5 h1=Q 55. Kb6 g5 56. Kc5 g4 57. Kd6 g3 58. Kc7 g2
59. Kd6 g1=Q 60. Kc7 Qc5+ 61. Kd7 Qd2# 0-1

[Event "Junior Online 4NCL Division 2"]
[Site "online"]
[Date "2020.05.14"]
[Round "5.18"]
[White "Hackett, William"]
[Black "Blin, Henri"]
[Result "1-0"]
[WhiteElo "1530"]
[BlackElo "1232"]
[PlyCount "56"]
[EventDate "2020.05.14"]
[WhiteTeam "A6 and Chill"]
[BlackTeam "Marshall Artists"]

1. c4 c5 2. Nc3 Nf6 3. g3 Nc6 4. Bg2 e6 5. d3 d5 6. cxd5 exd5 7. Bd2 Bg4 8. Qb3
Nd4 9. Qa4+ Nc6 10. Bg5 Be7 11. Bxf6 Bxf6 12. Qxg4 Qb6 13. Nxd5 Qxb2 14. Nxf6+
Qxf6 15. Qe4+ Kf8 16. Rc1 Nb4 17. Qc4 Nc6 18. Qxc5+ Kg8 19. Bxc6 bxc6 20. Qxc6
Rb8 21. Qxf6 gxf6 22. Kd2 Rb2+ 23. Rc2 Rxc2+ 24. Kxc2 Kg7 25. Nf3 Rc8+ 26. Kd2
Rb8 27. Rc1 Rb2+ 28. Rc2 Rb4 1-0